[Event "XXIV Festival Conca della Presolana A"]
[Site "Bratto - Castione della Presolana ITA"]
[Date "2004.08.28"]
[Round "9"]
[White "Agrifoglio, Fabio"]
[Black "Ricci, Marco"]
[Result "0-1"]
[WhiteElo "2022"]
[BlackElo "2147"]
[PlyCount "76"]
[EventDate "2004.08.20"]

1.d4 Nf6 2.c4 g6 3.Nc3 Bg7 4.e4 d6 5.Nf3 O-O 6.Be3 e5 7.dxe5 dxe5 8.Qxd8 
Rxd8 9.Nd5 Na6 10.Nd2 Ng4 11.Bg5 f6 12.Bh4 c6 13.Ne7+ Kf7 14.Nxc8 Raxc8 
15.h3 Nh6 16.O-O-O Ng8 17.Be2 Bh6 18.a3 Rxd2 19.Rxd2 Rd8 20.Rd1 Nc5 21.Kc2
Rxd2+ 22.Rxd2 Bxd2 23.Kxd2 g5 24.Bg3 Nxe4+ 25.Ke3 Nxg3 26.fxg3 f5 27.c5 
Nf6 28.b4 Nd5+ 29.Kd3 Kf6 30.Bd1 Nc7 31.Ke3 Nd5+ 32.Kd3 Nc7 33.Ke3 e4 34.
Kd4 Ne6+ 35.Kc3 Ke5 36.a4 a5 37.Be2 axb4+ 38.Kxb4 Kd4 0-1

[Event "XXIV Festival Conca della Presolana A"]
[Site "Bratto - Castione della Presolana ITA"]
[Date "2004.08.28"]
[Round "9"]
[White "Astengo, Corrado"]
[Black "Gangemi, Salvatore"]
[Result "1/2-1/2"]
[WhiteElo "2161"]
[BlackElo "2085"]
[PlyCount "85"]
[EventDate "2004.08.20"]

1.e4 e6 2.d4 d5 3.Nc3 Nf6 4.Bg5 Be7 5.e5 Nfd7 6.Bxe7 Qxe7 7.f4 a6 8.Nf3 c5
9.Qd2 Nc6 10.dxc5 Qxc5 11.Bd3 b5 12.a3 Bb7 13.b4 Qb6 14.Qf2 Qxf2+ 15.Kxf2 
Rc8 16.Ne2 O-O 17.Ned4 Nb6 18.Rhe1 Nxd4 19.Nxd4 Rc3 20.Kg1 Na4 21.Ra2 Bc8 
22.f5 exf5 23.Bxf5 Bxf5 24.Nxf5 Re8 25.Nd4 Rc4 26.Nf3 Re6 27.Raa1 Nb6 28.
Rad1 Rg6 29.Nd4 Rg4 30.e6 fxe6 31.Rxe6 Rgxd4 32.Rxd4 Rxd4 33.Rxb6 Rd1+ 34.
Kf2 Rd2+ 35.Kf3 Rxc2 36.Rxa6 Rc3+ 37.Kf2 d4 38.Ra5 Kf7 39.Rxb5 Rxa3 40.Rd5
d3 41.Ke3 Rb3 42.Rxd3 Rxb4 43.Rd6 1/2-1/2

[Event "XXIV Festival Conca della Presolana A"]
[Site "Bratto - Castione della Presolana ITA"]
[Date "2004.08.28"]
[Round "9"]
[White "Barlocco, Carlo"]
[Black "Bianco, Raffaele"]
[Result "1/2-1/2"]
[WhiteElo "2148"]
[BlackElo "2097"]
[PlyCount "54"]
[EventDate "2004.08.20"]

1.g3 g6 2.Bg2 Bg7 3.e4 c5 4.Nf3 Nc6 5.O-O Nf6 6.Re1 O-O 7.c3 d6 8.d4 cxd4 
9.cxd4 Bg4 10.Nc3 Qb6 11.e5 dxe5 12.d5 Rfd8 13.Qa4 Bxf3 14.Bxf3 Nd4 15.Bg2
Ng4 16.Ne4 f5 17.h3 fxe4 18.hxg4 Nf3+ 19.Bxf3 exf3 20.Qe4 Qf6 21.Bd2 Qf7 
22.Bc3 Rxd5 23.Re3 Rf8 24.Rae1 g5 25.Qc4 Rfd8 26.Qe4 Rf8 27.Qc4 Rfd8 
1/2-1/2

[Event "XXIV Festival Conca della Presolana A"]
[Site "Bratto - Castione della Presolana ITA"]
[Date "2004.08.28"]
[Round "9"]
[White "Bartolozzi, Roberto"]
[Black "Vancini, Edoardo"]
[Result "0-1"]
[WhiteElo "2104"]
[BlackElo "2294"]
[PlyCount "46"]
[EventDate "2004.08.20"]

1.Nf3 c5 2.c4 Nf6 3.Nc3 Nc6 4.g3 d5 5.cxd5 Nxd5 6.Bg2 Nc7 7.O-O e5 8.d3 
Be7 9.b3 Be6 10.Bb2 Qd7 11.Ne4 f6 12.Rc1 b6 13.Ne1 Rc8 14.Nc2 O-O 15.f4 
exf4 16.gxf4 Nd5 17.Qe1 Nd4 18.Nxd4 cxd4 19.Rc4 Ne3 20.Rxd4 Qe8 21.f5 Bxf5
22.Qf2 Nxf1 23.Qxf5 Ne3 0-1

[Event "XXIV Festival Conca della Presolana A"]
[Site "Bratto - Castione della Presolana ITA"]
[Date "2004.08.28"]
[Round "9"]
[White "Bergez, Luc"]
[Black "Bresciani, Nicola"]
[Result "1-0"]
[WhiteElo "2376"]
[BlackElo "2284"]
[PlyCount "71"]
[EventDate "2004.08.20"]

1.e4 c5 2.Nf3 d6 3.Bc4 e6 4.O-O Nf6 5.Re1 Be7 6.c3 O-O 7.Bb3 b5 8.d4 Bb7 
9.Nbd2 Nc6 10.Nf1 Qc7 11.Ng3 Rfe8 12.Qe2 a5 13.dxc5 dxc5 14.e5 Nd7 15.Bc2 
b4 16.h4 a4 17.a3 b3 18.Bb1 Na5 19.Ng5 Bxg5 20.Bxg5 Bd5 21.Nh5 Nc4 22.Bf4 
Nf8 23.Bd3 Na5 24.c4 Bb7 25.Bg5 Nc6 26.Nxg7 Red8 27.Bf6 Rd4 28.Qh5 Qc8 29.
Qh6 Rg4 30.g3 Rg6 31.Bxg6 fxg6 32.Nf5 Qd7 33.Ne7+ Kf7 34.Nd5 exd5 35.e6+ 
Nxe6 36.Qxh7+ 1-0

[Event "XXIV Festival Conca della Presolana A"]
[Site "Bratto - Castione della Presolana ITA"]
[Date "2004.08.28"]
[Round "9"]
[White "Buccoliero, Alessandro"]
[Black "Vinciguerra, Marco"]
[Result "1-0"]
[WhiteElo "2123"]
[BlackElo "2129"]
[PlyCount "65"]
[EventDate "2004.08.20"]

1.d4 Nf6 2.c4 c5 3.Nc3 g6 4.g3 cxd4 5.Qxd4 Nc6 6.Qd2 Bg7 7.Bg2 O-O 8.Nh3 
b6 9.O-O Bb7 10.Nf4 Rb8 11.b3 Ne5 12.Bxb7 Rxb7 13.Bb2 e6 14.Ba3 d6 15.Rad1
Rd7 16.Ng2 Qa8 17.f4 Neg4 18.h3 Nh6 19.Qd3 Rfd8 20.g4 Ne8 21.e4 Kh8 22.Ne3
Ng8 23.f5 Nc7 24.g5 gxf5 25.exf5 exf5 26.Nxf5 Be5 27.Bb2 Ne7 28.Nh6 Ng6 
29.Nxf7+ Rxf7 30.Rxf7 Ne6 31.Na4 Nxg5 32.Rf5 h6 33.Rxe5 1-0

[Event "XXIV Festival Conca della Presolana A"]
[Site "Bratto - Castione della Presolana ITA"]
[Date "2004.08.28"]
[Round "9"]
[White "Campanile, Roberto"]
[Black "Lanzani, Mario"]
[Result "1/2-1/2"]
[WhiteElo "2183"]
[BlackElo "2365"]
[PlyCount "137"]
[EventDate "2004.08.20"]

1.d4 e6 2.c4 Nf6 3.Nf3 d5 4.Nc3 dxc4 5.e3 a6 6.a4 c5 7.Bxc4 Nc6 8.O-O Be7 
9.dxc5 Bxc5 10.Qxd8+ Kxd8 11.Rd1+ Ke7 12.h3 b6 13.e4 h6 14.e5 Nd7 15.Bf4 
g5 16.Bg3 Bb7 17.Bd3 Nb4 18.Be4 Bxe4 19.Nxe4 Nd5 20.Rac1 Rhd8 21.Nd4 Bxd4 
22.Rxd4 Rdc8 23.Rdd1 Nc5 24.Nd6 Rd8 25.Rc4 a5 26.Kf1 Nb4 27.Ke2 Rd7 28.h4 
Nxa4 29.Ra1 b5 30.Nxb5 Nb6 31.Rc3 N6d5 32.Rcc1 Rb7 33.Nd6 Rc7 34.Rxc7+ 
Nxc7 35.hxg5 hxg5 36.Rh1 Ne8 37.Rh8 Rd8 38.Rxe8+ Rxe8 39.Nxe8 Kxe8 40.f3 
Kd7 41.Be1 Nc6 42.Bc3 a4 43.Kd3 Kc7 44.Kc4 Kb6 45.g4 Ne7 46.Kb4 Ng6 47.
Kxa4 Nh4 48.Kb4 Nxf3 49.Kc4 Nh2 50.Kd4 Nxg4 51.Bd2 Nh2 52.Ke4 g4 53.Kf4 
Kc5 54.Ke4 Kc4 55.Bf4 Nf3 56.Bg3 Kb3 57.Kf4 Kxb2 58.Kxg4 Nd2 59.Kh5 Ne4 
60.Bf4 Kc3 61.Kh6 Kd4 62.Kg7 Nc5 63.Kxf7 Kd5 64.Kg6 Nd3 65.Kg5 Nxe5 66.Bg3
Nd3 67.Kg4 Ke4 68.Bc7 Ne5+ 69.Kg3 1/2-1/2

[Event "XXIV Festival Conca della Presolana A"]
[Site "Bratto - Castione della Presolana ITA"]
[Date "2004.08.28"]
[Round "9"]
[White "Campini, Marco"]
[Black "Barletta, Antonio"]
[Result "0-1"]
[WhiteElo "2173"]
[BlackElo "2066"]
[PlyCount "100"]
[EventDate "2004.08.20"]

1.e4 c5 2.Nf3 e6 3.d4 cxd4 4.Nxd4 Nf6 5.Bd3 d6 6.O-O Be7 7.Be3 Nc6 8.Nxc6 
bxc6 9.c3 e5 10.h3 O-O 11.Qe2 d5 12.Nd2 Qc7 13.Bg5 Be6 14.Rfe1 Rab8 15.b3 
Rfe8 16.Rac1 a5 17.Bb1 g6 18.g4 Nd7 19.Bxe7 Rxe7 20.Qe3 Kg7 21.Nf1 f6 22.
Qg3 Nc5 23.Kh2 a4 24.b4 Nxe4 25.Bxe4 dxe4 26.a3 Rd8 27.Rxe4 Red7 28.c4 Rd3
29.Re3 Qd6 30.g5 fxg5 31.Rxd3 Qxd3 32.Qxe5+ Kf7 33.Qe3 Qxe3 34.Nxe3 Rd3 
35.Ra1 Rc3 36.c5 h5 37.Kg3 Kf6 38.h4 Rd3 39.hxg5+ Kxg5 40.f4+ Kf6 41.Kf3 
h4 42.Ke4 Rc3 43.Kd4 Rb3 44.Ke4 h3 45.Kd4 g5 46.f5 Bxf5 47.Rf1 Rd3+ 48.Kc4
Rxe3 49.b5 cxb5+ 50.Kxb5 Rxa3 0-1

[Event "XXIV Festival Conca della Presolana A"]
[Site "Bratto - Castione della Presolana ITA"]
[Date "2004.08.28"]
[Round "9"]
[White "Canova, Luca"]
[Black "Moncelli, Giorgio"]
[Result "1-0"]
[WhiteElo "2017"]
[BlackElo "2141"]
[PlyCount "69"]
[EventDate "2004.08.20"]

1.e4 e5 2.Nf3 Nc6 3.Bb5 a6 4.Ba4 Nf6 5.O-O Be7 6.Re1 b5 7.Bb3 d6 8.h3 O-O 
9.c3 Bb7 10.d4 Re8 11.Nbd2 Bf8 12.Bc2 exd4 13.cxd4 Nb4 14.Bb1 c5 15.a3 Nc6
16.d5 Nb8 17.Nf1 h6 18.Ng3 g6 19.Bd2 Nbd7 20.Bc3 Bg7 21.Bc2 Qc7 22.Qd2 a5 
23.b3 b4 24.Bb2 Ba6 25.axb4 axb4 26.Rac1 Bb5 27.Bb1 Qb7 28.Nh2 Nh7 29.Bxg7
Kxg7 30.Ng4 h5 31.Qh6+ Kg8 32.Nxh5 gxh5 33.e5 Ndf8 34.Bxh7+ Nxh7 35.Nf6+ 
1-0

[Event "XXIV Festival Conca della Presolana A"]
[Site "Bratto - Castione della Presolana ITA"]
[Date "2004.08.28"]
[Round "9"]
[White "Capitelli, Paolo"]
[Black "Guido, Flavio"]
[Result "0-1"]
[WhiteElo "2137"]
[BlackElo "2338"]
[PlyCount "54"]
[EventDate "2004.08.20"]

1.e4 c5 2.Nf3 e6 3.d4 cxd4 4.Nxd4 Nf6 5.Nc3 d6 6.Be2 a6 7.a4 Qc7 8.O-O b6 
9.f4 Bb7 10.Bf3 Be7 11.f5 e5 12.Nb3 Nbd7 13.Qe2 Rc8 14.g4 h6 15.g5 hxg5 
16.Bxg5 Nxe4 17.Nxe4 Bxe4 18.Bxe7 Bxf3 19.Rxf3 Kxe7 20.Rc3 Qb7 21.Rg3 Nf6 
22.Rd1 Qe4 23.Qxa6 Rxh2 24.Kxh2 Rh8+ 25.Rh3 Rxh3+ 26.Kxh3 Qf3+ 27.Kh2 Ng4+
0-1

[Event "XXIV Festival Conca della Presolana A"]
[Site "Bratto - Castione della Presolana ITA"]
[Date "2004.08.28"]
[Round "9"]
[White "Cardelli, Gabriele"]
[Black "De Marco, Walter"]
[Result "0-1"]
[WhiteElo "2026"]
[BlackElo "2053"]
[PlyCount "67"]
[EventDate "2004.08.20"]

1.e4 g6 2.d4 Bg7 3.Nc3 d6 4.Be3 a6 5.h4 h5 6.Qd2 b5 7.f3 Bb7 8.Nh3 Nd7 9.
O-O-O c5 10.dxc5 Nxc5 11.Ng5 Nh6 12.Bd4 O-O 13.Bxg7 Kxg7 14.Be2 Rc8 15.Kb1
Qc7 16.g4 b4 17.Nd5 Bxd5 18.exd5 f6 19.Nh3 hxg4 20.Nf4 Qb6 21.Qd4 Qb7 22.
Nd3 Nf5 23.Qxg4 Ne3 24.Qg3 Nxd1 25.Rxd1 Na4 26.Rg1 Nc3+ 27.bxc3 bxc3+ 28.
Ka1 g5 29.hxg5 f5 30.Qh4 Rh8 31.Qd4+ Kg8 32.Rb1 Qxb1+ 33.Kxb1 Rh1+ 34.Nc1 
0-1

[Event "XXIV Festival Conca della Presolana A"]
[Site "Bratto - Castione della Presolana ITA"]
[Date "2004.08.28"]
[Round "9"]
[White "Caruso, Augusto"]
[Black "Jonkman, Harmen"]
[Result "0-1"]
[WhiteElo "2208"]
[BlackElo "2425"]
[PlyCount "38"]
[EventDate "2004.08.20"]

1.e4 e5 2.Bc4 Nf6 3.d3 Nc6 4.Nc3 Na5 5.Nge2 Nxc4 6.dxc4 Bc5 7.Qd3 d6 8.Bd2
Be6 9.f3 Nd7 10.Nd5 a6 11.Nec3 O-O 12.O-O-O c6 13.h4 b5 14.Ne3 Nb6 15.g4 
Nxc4 16.Nf5 Nxb2 17.Kxb2 Bc4 18.Bg5 Qa5 19.Qd2 Ba3+ 0-1

[Event "XXIV Festival Conca della Presolana A"]
[Site "Bratto - Castione della Presolana ITA"]
[Date "2004.08.28"]
[Round "9"]
[White "Cebalo, Miso"]
[Black "Maiorov, Nikita"]
[Result "1-0"]
[WhiteElo "2527"]
[BlackElo "2414"]
[PlyCount "81"]
[EventDate "2004.08.20"]

1.d4 Nf6 2.Bg5 e6 3.e4 h6 4.Bxf6 Qxf6 5.Nc3 d6 6.Qd2 g5 7.O-O-O Bg7 8.g3 
Nc6 9.Bb5 Bd7 10.Nge2 O-O-O 11.f4 a6 12.Ba4 gxf4 13.gxf4 h5 14.Kb1 Ne7 15.
Bxd7+ Rxd7 16.Qe3 d5 17.e5 Qh6 18.Na4 Nf5 19.Qd3 Bf8 20.Rhg1 Be7 21.Nc5 
Bxc5 22.dxc5 c6 23.Rg5 Rdd8 24.Rdg1 Qh7 25.Ng3 Nxg3 26.Qxh7 Rxh7 27.R1xg3 
Rf8 28.b4 Kd7 29.Kb2 Ke7 30.Rg7 Rh6 31.h4 Rfh8 32.Kb3 b6 33.cxb6 Rb8 34.
Rg8 Rxb6 35.Ka4 c5 36.bxc5 Rb2 37.Rc3 Rg6 38.Ra8 Rg4 39.Ka3 Rb7 40.c6 Rc7 
41.Rb3 1-0

[Event "XXIV Festival Conca della Presolana A"]
[Site "Bratto - Castione della Presolana ITA"]
[Date "2004.08.28"]
[Round "9"]
[White "Ceccarini, Marco"]
[Black "Cugini, Verter"]
[Result "1/2-1/2"]
[WhiteElo "2091"]
[BlackElo "2219"]
[PlyCount "34"]
[EventDate "2004.08.20"]

1.e4 e6 2.d4 d5 3.Nc3 Nf6 4.Bg5 Bb4 5.Bd3 dxe4 6.Bxe4 c5 7.Bxf6 Qxf6 8.Ne2
Nc6 9.Bxc6+ bxc6 10.dxc5 Ba6 11.Qd4 Bxc3+ 12.Qxc3 Qg6 13.Qf3 Bxe2 14.Qxc6+
Ke7 15.Qd6+ Kf6 16.Qf4+ Ke7 17.Qd6+ Kf6 1/2-1/2

[Event "XXIV Festival Conca della Presolana A"]
[Site "Bratto - Castione della Presolana ITA"]
[Date "2004.08.28"]
[Round "9"]
[White "Contin, Daniel"]
[Black "Bottino, Alexiei"]
[Result "1-0"]
[WhiteElo "2392"]
[BlackElo "2061"]
[PlyCount "79"]
[EventDate "2004.08.20"]

1.c4 c5 2.Nf3 g6 3.d4 Bg7 4.e4 cxd4 5.Nxd4 Nc6 6.Be3 d6 7.Nc3 Be6 8.Nxe6 
fxe6 9.h4 Bxc3+ 10.bxc3 Nf6 11.f3 Qa5 12.Qb3 O-O 13.Be2 Qe5 14.g4 Nxe4 15.
fxe4 Qxe4 16.Kd2 Ne5 17.Rhf1 Nxg4 18.Bxg4 Qxg4 19.Qxb7 d5 20.cxd5 Qg2+ 21.
Kd3 Rfd8 22.Bd4 e5 23.Rae1 e4+ 24.Ke3 Qh3+ 25.Kxe4 Qxh4+ 26.Kd3 Qh3+ 27.
Kc2 Qg2+ 28.Rf2 Qxd5 29.Qxd5+ Rxd5 30.Rxe7 Rf5 31.Rxf5 gxf5 32.Rg7+ Kf8 
33.Rxh7 Re8 34.Rh8+ Ke7 35.Rxe8+ Kxe8 36.Bxa7 Kd7 37.Bf2 Kc6 38.Kb3 Kb7 
39.Kc4 f4 40.Kd5 1-0

[Event "XXIV Festival Conca della Presolana A"]
[Site "Bratto - Castione della Presolana ITA"]
[Date "2004.08.28"]
[Round "9"]
[White "Contini, Gabriele"]
[Black "Gosio, Denis"]
[Result "1/2-1/2"]
[WhiteElo "2048"]
[BlackElo "2170"]
[PlyCount "50"]
[EventDate "2004.08.20"]

1.d4 Nf6 2.Bg5 Ne4 3.Bh4 c5 4.Nd2 Qa5 5.c3 Nxd2 6.Qxd2 cxd4 7.cxd4 Qxd2+ 
8.Kxd2 e6 9.e3 Be7 10.Rc1 Nc6 11.Bxe7 Kxe7 12.Nf3 b6 13.Bd3 Bb7 14.a3 Rac8
15.Rc3 h6 16.Rhc1 Na5 17.b4 Rxc3 18.Rxc3 Nc6 19.b5 Na5 20.h4 Rc8 21.Rxc8 
Bxc8 22.Kc3 Nb7 23.Ne5 Nd6 24.f3 Bb7 25.h5 Ne8 1/2-1/2

[Event "XXIV Festival Conca della Presolana A"]
[Site "Bratto - Castione della Presolana ITA"]
[Date "2004.08.28"]
[Round "9"]
[White "Coratella, Giuseppe"]
[Black "Rombaldoni, Axel"]
[Result "1/2-1/2"]
[WhiteElo "2156"]
[BlackElo "2063"]
[PlyCount "112"]
[EventDate "2004.08.20"]

1.e4 c5 2.Nf3 Nc6 3.d4 cxd4 4.Nxd4 Nf6 5.Nc3 d6 6.Bc4 Bd7 7.Bb3 g6 8.Be3 
Ng4 9.Nxc6 bxc6 10.Qf3 Ne5 11.Qe2 c5 12.h3 Bg7 13.O-O Nc6 14.Rad1 Nd4 15.
Bxd4 cxd4 16.Nb5 Qb6 17.Qc4 O-O 18.Nc7 Rab8 19.Nd5 Qd8 20.a4 e6 21.Nf4 Qa5
22.Ne2 Rb4 23.Qd3 Qb6 24.Ra1 a5 25.f4 f5 26.exf5 Rxf5 27.g4 Rf8 28.f5 Rxb3
29.Qxb3 Qc5 30.Qd3 exf5 31.Ng3 f4 32.Ne4 Qc7 33.b3 d5 34.Ng5 Qd6 35.Nf3 
Rc8 36.Nxd4 Qb4 37.Rad1 Rc3 38.Qd2 Qc5 39.Qxf4 Be8 40.Rf2 Qe7 41.Rd3 Rxd3 
42.cxd3 Qb4 43.Nb5 d4 44.Qe4 Bf7 45.Rc2 Bf8 46.Nxd4 Bc5 47.Rxc5 Qxc5 48.
Kf1 Qc1+ 49.Ke2 Qb2+ 50.Kf3 Qh2 51.Qa8+ Kg7 52.Qxa5 Qxh3+ 53.Kf4 Qh2+ 54.
Ke3 Qg1+ 55.Ke4 Qxg4+ 56.Ke3 Qg1+ 1/2-1/2

[Event "XXIV Festival Conca della Presolana A"]
[Site "Bratto - Castione della Presolana ITA"]
[Date "2004.08.28"]
[Round "9"]
[White "D'Innocente, Stefano"]
[Black "Gromovs, Sergejs"]
[Result "1/2-1/2"]
[WhiteElo "2197"]
[BlackElo "2341"]
[PlyCount "129"]
[EventDate "2004.08.20"]

1.e4 c5 2.Nf3 d6 3.d4 cxd4 4.Nxd4 Nf6 5.f3 e5 6.Nb3 Be7 7.c4 O-O 8.Nc3 Be6
9.Be3 Nc6 10.Be2 Nd7 11.O-O a6 12.Qd2 Rc8 13.Nd5 Nc5 14.Nc1 Bxd5 15.cxd5 
Nd4 16.Bd1 f5 17.b4 Nd7 18.Nb3 Nxb3 19.Bxb3 fxe4 20.fxe4 Nf6 21.Qd3 Qd7 
22.a4 Qg4 23.Bc2 Nh5 24.Rxf8+ Rxf8 25.Bd1 Qg6 26.Rc1 Bd8 27.Bxh5 Qxh5 28.
b5 a5 29.b6 h6 30.Rc8 Qh4 31.Qb1 Kh7 32.Rb8 Qg4 33.Qc2 Rf7 34.h3 Qh4 35.
Qe2 Bg5 36.Bxg5 Qxg5 37.Rc8 Qg3 38.Rc1 Qa3 39.Rc7 Rxc7 40.bxc7 Qc1+ 41.Qf1
Qxc7 42.Qf8 Qd7 43.Kh2 h5 44.Kg3 Qc7 45.Kh4 g6 46.g4 hxg4 47.hxg4 Qg7 48.
Qxd6 Qh6+ 49.Kg3 Qf4+ 50.Kh3 Kh6 51.Qe7 Qe3+ 52.Kh2 Qe2+ 53.Kh3 Qf3+ 54.
Kh4 Qf4 55.Kh3 Qe3+ 56.Kh2 Qf2+ 57.Kh3 Qf1+ 58.Kg3 Qg1+ 59.Kh3 Qh1+ 60.Kg3
Qe1+ 61.Kh3 Qe3+ 62.Kh2 Qf4+ 63.Kh3 Qf3+ 64.Kh4 Qf4 65.Kh3 1/2-1/2

[Event "XXIV Festival Conca della Presolana A"]
[Site "Bratto - Castione della Presolana ITA"]
[Date "2004.08.28"]
[Round "9"]
[White "Danieli, Enrico"]
[Black "Tatai, Stefano"]
[Result "0-1"]
[WhiteElo "2139"]
[BlackElo "2357"]
[PlyCount "70"]
[EventDate "2004.08.20"]

1.Nf3 Nf6 2.d4 g6 3.Nc3 d5 4.Bf4 Bg7 5.e3 O-O 6.Be2 c5 7.dxc5 Qa5 8.O-O 
Qxc5 9.Nd2 Nc6 10.Nb3 Qb6 11.Nb5 e5 12.Bg5 Be6 13.Nc3 Rad8 14.Na4 Qc7 15.
Nac5 Bc8 16.Qc1 b6 17.Na6 Qb7 18.Rd1 Be6 19.c3 Rc8 20.Bb5 Ne4 21.Bh4 Nd6 
22.Bxc6 Rxc6 23.Nb4 Rcc8 24.Qd2 a5 25.Nxd5 Nc4 26.Ne7+ Kh8 27.Qe2 Rc7 28.
Nd2 f6 29.Nxc4 Bxc4 30.Qg4 Bf7 31.Nf5 Be6 32.e4 Qc8 33.Rd6 gxf5 34.Qh5 
fxe4 35.Rad1 Bg4 0-1

[Event "XXIV Festival Conca della Presolana A"]
[Site "Bratto - Castione della Presolana ITA"]
[Date "2004.08.28"]
[Round "9"]
[White "Drazic, Sinisa"]
[Black "Miladinovic, Igor"]
[Result "1/2-1/2"]
[WhiteElo "2461"]
[BlackElo "2630"]
[PlyCount "118"]
[EventDate "2004.08.20"]

1.d4 d5 2.c4 Bf5 3.Nc3 e6 4.Nf3 Nc6 5.Bf4 dxc4 6.e4 Bg4 7.d5 exd5 8.exd5 
Qe7+ 9.Be3 Ne5 10.Bxc4 Nxc4 11.Qa4+ Qd7 12.Qxc4 Bd6 13.Qe4+ Ne7 14.Ne5 f5 
15.Qd4 Bxe5 16.Qxe5 O-O 17.h3 Bh5 18.O-O Ng6 19.Qe6+ Qxe6 20.dxe6 f4 21.
Bc5 Rf5 22.Ba3 Re8 23.g4 fxg3 24.fxg3 Bf3 25.Rae1 Re5 26.Rxe5 Nxe5 27.e7 
b6 28.Re1 Ng6 29.Nb5 c5 30.Kf2 Bc6 31.Nxa7 Bd7 32.b4 Rxe7 33.Rxe7 Nxe7 34.
bxc5 bxc5 35.Bxc5 Nc8 36.Nxc8 Bxc8 37.h4 h5 38.Ke3 Kf7 39.Kd4 Ke6 40.Bf8 
Kd7 41.Kc5 Kc7 42.Bxg7 Kb7 43.Bc3 Bg4 44.a4 Bf3 45.a5 Bg4 46.Be5 Bf3 47.
Kb5 Be2+ 48.Kb4 Ka6 49.Bc7 Bg4 50.Bb6 Bf3 51.Kc5 Bg4 52.Kc6 Bf3+ 53.Kc7 
Bg4 54.Kc6 Bf3+ 55.Kc5 Bg4 56.Kd4 Bd1 57.Ke3 Bg4 58.Kf4 Bd1 59.Kg5 Bg4 
1/2-1/2

[Event "XXIV Festival Conca della Presolana A"]
[Site "Bratto - Castione della Presolana ITA"]
[Date "2004.08.28"]
[Round "9"]
[White "Epishin, Vladimir V."]
[Black "Sedina, Elena"]
[Result "1/2-1/2"]
[WhiteElo "2635"]
[BlackElo "2396"]
[PlyCount "82"]
[EventDate "2004.08.20"]

1.d4 d5 2.c4 c6 3.Nf3 Nf6 4.Nc3 dxc4 5.a4 Bf5 6.Nh4 Bc8 7.e3 e5 8.Bxc4 
exd4 9.exd4 Be7 10.Nf3 O-O 11.h3 Na6 12.O-O Nc7 13.Bf4 Nfd5 14.Be5 Be6 15.
Bb3 Bd6 16.Ne4 Bxe5 17.dxe5 Nf4 18.Nd6 Rb8 19.Re1 Qe7 20.Re4 Ng6 21.Bc2 
Rfd8 22.Qd2 Ne8 23.Rd1 Nxd6 24.exd6 Qf6 25.Qd4 Qxd4 26.Rexd4 Bd5 27.Be4 
Rxd6 28.Bxd5 cxd5 29.Rxd5 Rxd5 30.Rxd5 Kf8 31.Rd7 Ke8 32.Rc7 Ne7 33.Kf1 
Kd8 34.Rc4 Rc8 35.Rxc8+ Nxc8 36.Ke2 Nb6 37.b3 Nd5 38.g3 Kd7 39.Kd3 Nb4+ 
40.Ke4 Ke6 41.Ng5+ Ke7 {...} 1/2-1/2

[Event "XXIV Festival Conca della Presolana A"]
[Site "Bratto - Castione della Presolana ITA"]
[Date "2004.08.28"]
[Round "9"]
[White "Gardi, Giuseppe"]
[Black "Andreoli, Renato"]
[Result "1/2-1/2"]
[WhiteElo "2061"]
[BlackElo "2200"]
[PlyCount "56"]
[EventDate "2004.08.20"]

1.d4 Nf6 2.Nf3 e6 3.Bf4 c5 4.c3 Nc6 5.e3 d5 6.Nbd2 Bd6 7.Bg3 O-O 8.Bd3 b6 
9.Ne5 Bb7 10.O-O Ne7 11.f4 Nf5 12.Bf2 Ne4 13.Qe2 f6 14.Nef3 Qc7 15.g4 Ne7 
16.Bh4 Ng6 17.Be1 e5 18.f5 Ne7 19.Rc1 Nxc3 20.Rxc3 e4 21.Nxe4 dxe4 22.Bc4+
Bd5 23.Nd2 Bxc4 24.Rxc4 Rfe8 25.dxc5 bxc5 26.b4 Nd5 27.bxc5 Bxc5 28.Bf2 
Qb6 1/2-1/2

[Event "XXIV Festival Conca della Presolana A"]
[Site "Bratto - Castione della Presolana ITA"]
[Date "2004.08.28"]
[Round "9"]
[White "Godena, Michele"]
[Black "Dervishi, Erald"]
[Result "1/2-1/2"]
[WhiteElo "2545"]
[BlackElo "2486"]
[PlyCount "71"]
[EventDate "2004.08.20"]

1.e4 e5 2.Nf3 Nc6 3.d4 exd4 4.Nxd4 Nf6 5.Nxc6 bxc6 6.e5 Qe7 7.Qe2 Nd5 8.c4
Nb6 9.Nc3 Qe6 10.Qe4 Ba6 11.b3 Bb4 12.Bd2 Bxc3 13.Bxc3 d5 14.Qh4 dxc4 15.
Be2 Nd5 16.Bxc4 g5 17.Bxd5 Qxd5 18.Qd4 Qxd4 19.Bxd4 O-O-O 20.O-O-O Rhe8 
21.h4 g4 22.Bxa7 Rxd1+ 23.Rxd1 Rxe5 24.Bd4 Re2 25.Rd2 Re6 26.g3 Be2 27.Be3
Bf3 28.Rd4 f5 29.b4 Bd5 30.a4 Kb7 31.Kb2 h5 32.Kc3 Re8 33.Rd1 Re4 34.Rd4 
Re8 35.Rd2 Re4 36.Rd4 1/2-1/2

[Event "XXIV Festival Conca della Presolana A"]
[Site "Bratto - Castione della Presolana ITA"]
[Date "2004.08.28"]
[Round "9"]
[White "Isonzo, David"]
[Black "Bellini, Fabio"]
[Result "0-1"]
[WhiteElo "2322"]
[BlackElo "2509"]
[PlyCount "90"]
[EventDate "2004.08.20"]

1.e4 d6 2.d4 Nf6 3.Nd2 g6 4.Ngf3 Bg7 5.Bd3 O-O 6.O-O c5 7.dxc5 dxc5 8.Qe2 
Nc6 9.c3 Qc7 10.a4 h6 11.Re1 Rd8 12.Nc4 Be6 13.Rb1 Rd7 14.Ne3 Nh5 15.g3 
Na5 16.b4 c4 17.Bc2 Nb3 18.Bb2 a5 19.b5 Nc5 20.Nd4 Rc8 21.Rbd1 Nf6 22.Nxc4
Nxa4 23.Nxe6 Qxc4 24.Bxa4 Qxe2 25.Rxe2 Rxd1+ 26.Bxd1 fxe6 27.Bb3 Kf7 28.f4
Nd7 29.f5 Nc5 30.fxe6+ Kg8 31.Bd5 b6 32.Bc1 Nd3 33.Ba3 Bf6 34.c4 Bd4+ 35.
Kg2 Bc5 36.Bxc5 Nxc5 37.Kf2 Rf8+ 38.Ke3 Rf1 39.Rd2 Kg7 40.Bc6 Re1+ 41.Kf4 
Kf6 42.Rd5 Rxe4+ 43.Kf3 Rxc4 44.Ke3 a4 45.Rd1 Rc2 0-1

[Event "XXIV Festival Conca della Presolana A"]
[Site "Bratto - Castione della Presolana ITA"]
[Date "2004.08.28"]
[Round "9"]
[White "Lanzani, Giuliano"]
[Black "Raselli, Claudio"]
[Result "1/2-1/2"]
[WhiteElo "2074"]
[BlackElo "2061"]
[PlyCount "118"]
[EventDate "2004.08.20"]

1.e4 d5 2.exd5 Qxd5 3.Nf3 Nf6 4.c4 Qd8 5.d4 Bg4 6.Be2 e6 7.Qb3 Qc8 8.h3 
Bxf3 9.Bxf3 c6 10.Bf4 Be7 11.O-O O-O 12.Nc3 Nbd7 13.Rac1 Rd8 14.Rfe1 Bf8 
15.Na4 Nb6 16.Nxb6 axb6 17.Qxb6 Ra6 18.Qb3 Rxd4 19.Be5 Rd7 20.Bxf6 gxf6 
21.Re4 f5 22.Rh4 Qd8 23.Rh5 Rd3 24.Rd1 Rxd1+ 25.Bxd1 Bg7 26.Bc2 Qe7 27.g4 
c5 28.gxf5 exf5 29.Bxf5 Rh6 30.Rxh6 Bxh6 31.Qg3+ Qg5 32.Kg2 Qxg3+ 33.fxg3 
Bc1 34.b3 h6 35.Kf3 Bg5 36.Ke4 Kf8 37.Kd5 b6 38.Kc6 Bd8 39.a4 Ke7 40.a5 
bxa5 41.Kxc5 Bc7 42.g4 Kd8 43.h4 Bg3 44.Kb5 Be1 45.c5 Kc7 46.h5 Bd2 47.Kc4
Kc6 48.Be4+ Kc7 49.Kb5 f6 50.Kc4 Bf4 51.Kd5 Be3 52.Bf5 Bf4 53.c6 Bd2 54.
Bd7 Bf4 55.Ke6 Bg5 56.Kf7 Kd6 57.Ke8 Kc7 58.Kf8 Kd6 59.Kf7 Bh4 1/2-1/2

[Event "XXIV Festival Conca della Presolana A"]
[Site "Bratto - Castione della Presolana ITA"]
[Date "2004.08.28"]
[Round "9"]
[White "Magrini, Riccardo"]
[Black "Castelfranchi, Carlo"]
[Result "1/2-1/2"]
[WhiteElo "2270"]
[BlackElo "2086"]
[PlyCount "123"]
[EventDate "2004.08.20"]

1.e4 Nf6 2.e5 Nd5 3.d4 d6 4.Bc4 Nb6 5.Bb3 dxe5 6.Qh5 e6 7.dxe5 Nc6 8.Nf3 
a5 9.a4 Nd4 10.Nxd4 Qxd4 11.O-O g6 12.Qg5 Bg7 13.Re1 h6 14.Qg3 Nd7 15.c3 
Qc5 16.Bf4 O-O 17.h4 Qb6 18.Nd2 Nc5 19.Bc4 Qxb2 20.Qe3 Nd7 21.Reb1 Qc2 22.
g4 Bxe5 23.Rc1 Qb2 24.Rab1 Bxf4 25.Qxf4 Qa3 26.Qxh6 Qe7 27.Ne4 Nf6 28.Ng5 
Rd8 29.h5 Qf8 30.Qxf8+ Rxf8 31.hxg6 fxg6 32.Nxe6 Bxe6 33.Bxe6+ Kh8 34.Rxb7
Rae8 35.g5 Rxe6 36.gxf6 Rexf6 37.Rc2 R8f7 38.Rb5 Rf5 39.c4 c6 40.Rb8+ Kg7 
41.Rb6 Rc5 42.Ra6 Rff5 43.Rc3 Kf6 44.Ra8 Ke5 45.Rd8 Kf6 46.Kf1 Rfe5 47.f3 
Rh5 48.Rd6+ Kg7 49.Kf2 Rh4 50.Rd7+ Kh6 51.Ra7 Kg5 52.Kg3 Rhxc4 53.Rxc4 
Rxc4 54.Rxa5+ c5 55.Ra8 Rc3 56.a5 Ra3 57.a6 Kf6 58.a7 Kg7 59.Kf2 c4 60.Ke2
c3 61.Kd3 Kh7 62.Kc2 1/2-1/2

[Event "XXIV Festival Conca della Presolana A"]
[Site "Bratto - Castione della Presolana ITA"]
[Date "2004.08.28"]
[Round "9"]
[White "Maksimenko, Andrei"]
[Black "Salvador, Roland"]
[Result "0-1"]
[WhiteElo "2524"]
[BlackElo "2178"]
[PlyCount "90"]
[EventDate "2004.08.20"]

1.Nf3 c5 2.c4 e6 3.Nc3 Nc6 4.d4 cxd4 5.Nxd4 Nf6 6.a3 Nxd4 7.Qxd4 a6 8.g3 
Qc7 9.Bg2 Bc5 10.Qd3 Ng4 11.Ne4 Be7 12.Bf4 e5 13.Bd2 f5 14.Nc3 e4 15.Qd4 
Qc5 16.e3 Qxd4 17.exd4 O-O 18.Nd5 Bd8 19.f3 Nf6 20.fxe4 Nxe4 21.Bb4 Re8 
22.O-O a5 23.Bxe4 Rxe4 24.Bd6 Re6 25.c5 g6 26.Bc7 Bf6 27.Rad1 b5 28.cxb6 
Bg7 29.Nc3 Ba6 30.d5 Re3 31.Rfe1 Rae8 32.Rxe3 Rxe3 33.Na4 Bf8 34.d6 Re5 
35.Rc1 Bh6 36.Rc3 Bd2 37.Rb3 Re1+ 38.Kg2 Re2+ 39.Kf3 Rxh2 40.g4 Bb7+ 41.
Kg3 Rg2+ 42.Kh3 Bf4 43.gxf5 h5 44.Kh4 Rg4+ 45.Kh3 Bg2# 0-1